000 005060000a22002050004500
003 LK-CoMWRAF
005 20231114234349.0
008 230817t ||||| |||| 00| 0 eng d
020 _a0582527112
040 _aLK-CoMWRAF
_dLK-CoMWRAF
_eLK-CoMWRAF
041 _aeng
082 _a822.33
_bSHA
100 _aShakespeare, William
245 _aMacbeth
260 _aEngland :
_bLongman group UK Ltd,
_c1958
300 _a256p
650 _aEnglish Drama
700 _aLott,, Bernard
_eed.
942 _cBK
999 _c2364
_d2364